The introspective engineer / (Record no. 330367)

000 -LEADER
fixed length control field 00990pam a2200289 a 4500
001 - CONTROL NUMBER
control field 3507093
003 - CONTROL NUMBER IDENTIFIER
control field NUST
005 - DATE AND TIME OF LATEST TRANSACTION
control field 20170622131224.0
008 - FIXED-LENGTH DATA ELEMENTS--GENERAL INFORMATION
fixed length control field 950830s1996 nyu b 001 0 eng
010 ## - LIBRARY OF CONGRESS CONTROL NUMBER
LC control number 95038836
020 ## - INTERNATIONAL STANDARD BOOK NUMBER
International Standard Book Number 031213987X
040 ## - CATALOGING SOURCE
Original cataloging agency DLC
Transcribing agency DLC
Modifying agency DLC
050 00 - LIBRARY OF CONGRESS CALL NUMBER
Classification number TS157
Item number .F63 1996
082 00 - DEWEY DECIMAL CLASSIFICATION NUMBER
Classification number 620.001 FLO
Edition number 20
100 1# - MAIN ENTRY--PERSONAL NAME
Personal name Florman, Samuel C.
9 (RLIN) 3100
245 14 - TITLE STATEMENT
Title The introspective engineer /
Statement of responsibility, etc. Samuel C. Florman.
250 ## - EDITION STATEMENT
Edition statement 1st ed.
260 ## - PUBLICATION, DISTRIBUTION, ETC.
Place of publication, distribution, etc. New York :
Name of publisher, distributor, etc. St. Martin's Press,
Date of publication, distribution, etc. c1996.
300 ## - PHYSICAL DESCRIPTION
Extent xii, 244 p. ;
Dimensions 22 cm.
500 ## - GENERAL NOTE
General note "A Thomas Dunne book."
500 ## - GENERAL NOTE
General note Includes index.
501 ## - WITH NOTE
With note H.B
650 #0 - SUBJECT ADDED ENTRY--TOPICAL TERM
Topical term or geographic name entry element Engineering
General subdivision Philosophy.
9 (RLIN) 3101
650 #0 - SUBJECT ADDED ENTRY--TOPICAL TERM
Topical term or geographic name entry element Engineering
General subdivision Psychological aspects.
9 (RLIN) 3102
650 #0 - SUBJECT ADDED ENTRY--TOPICAL TERM
Topical term or geographic name entry element Technology
General subdivision Philosophy.
9 (RLIN) 3103
906 ## - LOCAL DATA ELEMENT F, LDF (RLIN)
a 7
b cbc
c orignew
d 1
e ocip
f 19
g y-gencatlg
942 ## - ADDED ENTRY ELEMENTS (KOHA)
Source of classification or shelving scheme
Koha item type Book
Call number prefix IESE
Holdings
Withdrawn status Lost status Source of classification or shelving scheme Damaged status Not for loan Collection code Permanent Location Current Location Shelving location Date acquired Total Checkouts Full call number Barcode Date last seen Price effective from Koha item type
            Institute of Environmental Science and Engineering (IESE) Institute of Environmental Science and Engineering (IESE) General Stacks 06/22/2017   620.001 FLO IESE-114 06/22/2017 06/22/2017 Book
© 2023 Central Library, National University of Sciences and Technology. All Rights Reserved.